[Event "CRO-CupT final"]
[Site "Sibenik"]
[Date "2015.05.21"]
[Round "2.13"]
[White "Truta, Srecko"]
[Black "Bartakovic, Tomislav"]
[Result "1-0"]
[WhiteElo "2173"]
[BlackElo "2124"]
[PlyCount "87"]
[EventDate "2015.05.20"]
[EventType "team-swiss"]
[EventRounds "6"]
[EventCountry "CRO"]
[SourceTitle "CBM 166 Extra"]
[Source "ChessBase"]
[SourceDate "2015.06.18"]
[SourceVersion "1"]
[SourceVersionDate "2015.06.18"]
[SourceQuality "1"]
[WhiteTeam "Primosten"]
[BlackTeam "Samobor"]
[WhiteTeamCountry "CRO"]
[BlackTeamCountry "CRO"]

1. d4 Nf6 2. Nf3 g6 3. c4 Bg7 4. g3 c5 5. Bg2 0-0 6. 0-0 d6 7. Nc3 Na6 8. b3 Rb8 9. Bb2 Bd7 10. h3 Nc7 11. Qd2 Qc8 12. Kh2 b5 13. dxc5 dxc5 14. Ne5 bxc4 15. Nxc4 Rd8 16. Qc2 Ne6 17. e3 Bc6 18. Bxc6 Qxc6 19. Ne5 Qb7 20. Rfd1 Rdc8 21. Rd2 Ng5 22. Qd1 h5 23. f4 Nge4 24. Nxe4 Qxe4 25. Nc4 a5 26. Be5 Ra8 27. Nb6 h4 28. gxh4 Qxe3 29. Qe2 Qxe2+ 30. Rxe2 e6 31. Rc1 Nd5 32. Nxa8 Rxa8 33. Rxc5 a4 34. Rec2 Ra7 35. Rc8+ Kh7 36. Rb8 f6 37. Bd6 axb3 38. axb3 Rd7 39. Rc6 e5 40. fxe5 fxe5 41. Re8 Nf6 42. Re7 Rxe7 43. Bxe7 Nd5 44. Bg5 1-0

[Event "CRO-CupT final"]
[Site "Sibenik"]
[Date "2015.05.20"]
[Round "1.11"]
[White "Bartakovic, Tomislav"]
[Black "Rubil, Marko"]
[Result "1-0"]
[WhiteElo "2124"]
[BlackElo "2258"]
[PlyCount "59"]
[EventDate "2015.05.20"]
[EventType "team-swiss"]
[EventRounds "6"]
[EventCountry "CRO"]
[SourceTitle "CBM 166 Extra"]
[Source "ChessBase"]
[SourceDate "2015.06.18"]
[SourceVersion "1"]
[SourceVersionDate "2015.06.18"]
[SourceQuality "1"]
[WhiteTeam "Samobor"]
[BlackTeam "Slavonski Brod"]
[WhiteTeamCountry "CRO"]
[BlackTeamCountry "CRO"]

1. e4 e5 2. Nf3 Nc6 3. Bb5 a6 4. Bxc6 dxc6 5. 0-0 Bd6 6. d3 Ne7 7. Be3 Bg4 8. h3 Bh5 9. Nbd2 Qd7 10. Qe1 f6 11. Nh2 0-0-0 12. Nc4 g5 13. f3 Bf7 14. b4 Ng6 15. a4 Nf4 16. Nxd6+ cxd6 17. Bxf4 gxf4 18. c4 h5 19. b5 Qc7 20. bxa6 bxa6 21. Qh4 Rdf8 22. Rfb1 Qa7+ 23. Kh1 Qd4 24. Ra3 a5 25. Rab3 Be8 26. Ng4 hxg4 27. Rb8+ Kd7 28. Qxg4+ f5 29. R1b7+ Ke6 30. Rxe8+ 1-0

[Event "CRO-chT2 Center 22nd"]
[Site "Sisak"]
[Date "2013.04.28"]
[Round "5.4"]
[White "Balenovic, Zvonimir"]
[Black "Bartakovic, Tomislav"]
[Result "1-0"]
[WhiteElo "2200"]
[BlackElo "2122"]
[PlyCount "55"]
[EventDate "2013.04.14"]
[EventType "team-tourn"]
[EventRounds "11"]
[EventCountry "CRO"]
[SourceTitle "EXT 2016"]
[Source "ChessBase"]
[SourceDate "2015.10.08"]
[SourceVersion "1"]
[SourceVersionDate "2015.10.08"]
[SourceQuality "1"]

1. e4 e6 2. d4 d5 3. e5 c5 4. c3 Nc6 5. Nf3 Bd7 6. Be2 Nge7 7. 0-0 cxd4 8. cxd4 Qb6 9. Nc3 Nf5 10. Na4 Qa5 11. b3 b5 12. Bd2 Bb4 13. Bxb4 Qxb4 14. a3 Qa5 15. Nc5 Qb6 16. Rc1 Rd8 17. g4 Nfe7 18. Bd3 0-0 19. Qd2 f6 20. exf6 Rxf6 21. Qe3 Bc8 22. Ng5 Ng6 23. f4 Nce7 24. Rce1 Nf8 25. f5 Rd6 26. fxe6 Rxf1+ 27. Rxf1 h6 28. Qf4 1-0

[Event "Zagreb op-A"]
[Site "Zagreb"]
[Date "2013.03.03"]
[Round "8"]
[White "Zaja, Ivan"]
[Black "Bartakovic, Tomislav"]
[Result "1-0"]
[WhiteElo "2483"]
[BlackElo "2122"]
[PlyCount "57"]
[EventDate "2013.02.25"]
[EventType "swiss"]
[EventRounds "9"]
[EventCountry "CRO"]
[SourceTitle "CBM 153 Extra"]
[Source "ChessBase"]
[SourceDate "2013.04.22"]
[SourceVersion "1"]
[SourceVersionDate "2013.04.22"]
[SourceQuality "1"]

1. d4 Nf6 2. c4 e5 3. dxe5 Ng4 4. e3 Nxe5 5. Nh3 Bb4+ 6. Bd2 Bxd2+ 7. Qxd2 d6 8. Nf4 0-0 9. Be2 Nbd7 10. Nc3 Nc5 11. h4 a5 12. f3 Re8 13. Nb5 Bd7 14. Nd4 a4 15. Rc1 b6 16. Rc3 Ra5 17. e4 c6 18. Nh5 h6 19. Nf5 Bxf5 20. exf5 f6 21. 0-0 d5 22. cxd5 cxd5 23. Rd1 Nb7 24. f4 Nc4 25. Bxc4 dxc4 26. Qxd8 Nxd8 27. Rg3 Rf8 28. Rxg7+ Kh8 29. Rdd7 1-0

[Event "Zagreb op-A"]
[Site "Zagreb"]
[Date "2013.02.27"]
[Round "3"]
[White "Bartakovic, Tomislav"]
[Black "Cebalo, Miso"]
[Result "1-0"]
[WhiteElo "2122"]
[BlackElo "2419"]
[PlyCount "91"]
[EventDate "2013.02.25"]
[EventType "swiss"]
[EventRounds "9"]
[EventCountry "CRO"]
[SourceTitle "EXT 2016"]
[Source "ChessBase"]
[SourceDate "2015.10.08"]
[SourceVersion "1"]
[SourceVersionDate "2015.10.08"]
[SourceQuality "1"]

1. e4 c5 2. d4 cxd4 3. c3 dxc3 4. Nxc3 Nc6 5. Bc4 d6 6. Nf3 a6 7. 0-0 Nf6 8. Qe2 Bg4 9. Rd1 e6 10. h3 Bxf3 11. Qxf3 Ne5 12. Qe2 Qc7 13. Bb3 Be7 14. Be3 0-0 15. Rac1 Nc6 16. Nd5 exd5 17. exd5 Nxd5 18. Rxd5 Bf6 19. Qd2 Be5 20. f4 Bf6 21. Qf2 Qe7 22. Rcd1 Rad8 23. Bb6 Rd7 24. Re1 Bh4 25. g3 Bxg3 26. Qxg3 Qf6 27. Rd2 h6 28. Ba4 Re7 29. Rxe7 Qxe7 30. Qe3 Qd7 31. Re2 d5 32. Bxc6 Qxc6 33. Bd4 Rc8 34. Qg3 g6 35. f5 Re8 36. Rxe8+ Qxe8 37. fxg6 fxg6 38. Qe5 Qxe5 39. Bxe5 Kf7 40. Kf2 Ke6 41. Bg7 h5 42. Ke3 g5 43. Kd4 Kd6 44. Bh6 g4 45. hxg4 hxg4 46. Bf4+ 1-0

[Event "CRO-chT2 Center"]
[Site "Zagreb"]
[Date "2012.03.25"]
[Round "3.15"]
[White "Petrovic, Zvonko"]
[Black "Bartakovic, Tomislav"]
[Result "0-1"]
[WhiteElo "2218"]
[BlackElo "2117"]
[PlyCount "84"]
[EventDate "2012.03.18"]
[EventType "team-swiss"]
[EventRounds "11"]
[EventCountry "CRO"]
[SourceTitle "EXT 2014"]
[Source "ChessBase"]
[SourceDate "2013.11.20"]
[SourceVersion "1"]
[SourceVersionDate "2013.11.20"]
[SourceQuality "1"]

1. Nf3 Nf6 2. g3 g6 3. Bg2 Bg7 4. 0-0 0-0 5. c4 d6 6. d4 c6 7. Nc3 Qc7 8. e4 Nbd7 9. h3 e5 10. Be3 exd4 11. Nxd4 Nc5 12. b4 Ne6 13. Nde2 a5 14. b5 Nd7 15. Rc1 Nec5 16. f4 Nb6 17. e5 Rd8 18. Nd5 cxd5 19. cxd5 Nbd7 20. Nd4 dxe5 21. Nb3 b6 22. d6 Qa7 23. Bxa8 Qxa8 24. Nxc5 Nxc5 25. Kh2 exf4 26. Bxf4 Be6 27. a3 Qe4 28. Qf3 Bd4 29. Qxe4 Nxe4 30. Rc6 g5 31. Rd1 Bc5 32. Be5 h5 33. Bd4 Bxd6 34. Rd3 Bc5 35. Bxc5 Rxd3 36. Bxb6 Rd2+ 37. Kg1 Bxh3 38. Be3 Rg2+ 39. Kf1 Rb2+ 40. Ke1 Rxb5 41. Rh6 Bg4 42. Bd4 Rb1# 0-1

[Event "CRO-chT2 Center"]
[Site "Croatia"]
[Date "2011.10.02"]
[Round "8.24"]
[White "Tomasic, Roland"]
[Black "Bartakovic, Tomislav"]
[Result "0-1"]
[WhiteElo "2131"]
[BlackElo "2097"]
[PlyCount "104"]
[EventDate "2011.03.20"]
[EventType "team-tourn"]
[EventRounds "11"]
[EventCountry "CRO"]
[SourceTitle "EXT 2014"]
[Source "ChessBase"]
[SourceDate "2013.11.20"]
[SourceVersion "1"]
[SourceVersionDate "2013.11.20"]
[SourceQuality "1"]

1. e4 e6 2. d4 d5 3. Nd2 Nc6 4. Ngf3 Nf6 5. e5 Nd7 6. c3 f6 7. exf6 Qxf6 8. Bb5 Bd6 9. 0-0 0-0 10. Nb3 a5 11. Bg5 Qf7 12. Bh4 e5 13. dxe5 Ncxe5 14. Ng5 Qg6 15. Qxd5+ Kh8 16. Qe4 h6 17. Qxg6 Nxg6 18. Nf3 Rxf3 19. gxf3 Nxh4 20. Be2 b6 21. Rfd1 Bb7 22. Nd2 Ne5 23. Kf1 Nhxf3 24. Nxf3 Nxf3 25. Bxf3 Bxf3 26. Rd3 Rf8 27. h4 Bc6 28. a4 Rf4 29. Rd4 Rf6 30. b4 Bg3 31. Ra2 Kh7 32. bxa5 bxa5 33. Re2 Bd6 34. Ke1 Rf8 35. Kd2 Rb8 36. Kc2 Be8 37. Rd5 Bg6+ 38. Kd2 Bf4+ 39. Ke1 Rb1+ 40. Rd1 Rxd1+ 41. Kxd1 Bh5 42. Ke1 Bxe2 43. Kxe2 Kg6 44. Kf3 Kf5 45. Ke2 Kg4 46. Kd3 Kxh4 47. Kc4 Bd2 48. Kd3 Be1 49. Kc4 Kg4 50. Kd4 Bxf2+ 51. Kd5 h5 52. Kc6 h4 0-1

[Event "CRO-Cup 20th"]
[Site "Sibenik"]
[Date "2011.05.19"]
[Round "3.53"]
[White "Bartakovic, Tomislav"]
[Black "Vlaic, Branko"]
[Result "1-0"]
[WhiteElo "2108"]
[BlackElo "2265"]
[PlyCount "55"]
[EventDate "2011.05.18"]
[EventType "team-swiss"]
[EventRounds "6"]
[EventCountry "CRO"]
[SourceTitle "CBM 142 Extra"]
[Source "ChessBase"]
[SourceDate "2011.06.27"]
[SourceVersion "1"]
[SourceVersionDate "2011.06.27"]
[SourceQuality "1"]
[WhiteTeam "Samobor"]
[BlackTeam "Sibenik"]
[WhiteTeamCountry "CRO"]
[BlackTeamCountry "CRO"]

1. e4 c6 2. d4 d5 3. e5 Bf5 4. g4 Bd7 5. Nc3 e6 6. Be3 b6 7. Qd3 c5 8. 0-0-0 Nc6 9. f4 cxd4 10. Bxd4 Nxd4 11. Qxd4 Ne7 12. Nf3 h5 13. f5 a6 14. fxe6 Bxe6 15. g5 Nc6 16. Qf4 Be7 17. Nxd5 Qb8 18. Nxe7 Nxe7 19. Bc4 Ng6 20. Qe4 Bg4 21. Rd6 Ra7 22. Qc6+ Kf8 23. Rhd1 Ke7 24. e6 Bxf3 25. Rd7+ Kf8 26. Rd8+ Qxd8 27. Rxd8+ Ke7 28. Qd6# 1-0

[Event "CRO-chT2 Center"]
[Site "Croatia"]
[Date "2011.04.03"]
[Round "5.44"]
[White "Bartakovic, Tomislav"]
[Black "Kostanjsek, Zorko"]
[Result "1-0"]
[WhiteElo "2097"]
[BlackElo "2211"]
[PlyCount "141"]
[EventDate "2011.03.20"]
[EventType "team-tourn"]
[EventRounds "11"]
[EventCountry "CRO"]
[SourceTitle "EXT 2014"]
[Source "ChessBase"]
[SourceDate "2013.11.20"]
[SourceVersion "1"]
[SourceVersionDate "2013.11.20"]
[SourceQuality "1"]

1. d4 d6 2. e4 Nf6 3. Nc3 e5 4. dxe5 dxe5 5. Qxd8+ Kxd8 6. Bg5 Be6 7. 0-0-0+ Nbd7 8. f4 exf4 9. Bxf4 c6 10. a3 Kc8 11. Nf3 Bc5 12. h3 Nh5 13. Bh2 g5 14. Ne2 Nhf6 15. Nc3 b5 16. Bd3 h6 17. Ne2 Re8 18. Ned4 Kb7 19. Rhe1 Rad8 20. c3 a6 21. Bc2 g4 22. hxg4 Nxg4 23. Bg1 Bb6 24. e5 Bc7 25. Nb3 Bxb3 26. Bxb3 Ndxe5 27. Bd4 f6 28. Rh1 Bb6 29. Rh4 c5 30. Bxe5 Nxe5 31. Bd5+ Kc8 32. Rxh6 Ng4 33. Rh7 Ne3 34. Bb7+ Kb8 35. Rdd7 a5 36. Bc6 Bc7 37. Kb1 Rxd7 38. Bxd7 Rg8 39. Bxb5 Rxg2 40. Bc6 Rg8 41. Nd2 c4 42. Re7 Bf4 43. Nf3 Nf5 44. Rb7+ Kc8 45. Rh7 Rd8 46. Rh5 Ne7 47. Be4 Be5 48. Nxe5 fxe5 49. Rxe5 Ng8 50. Rxa5 Nf6 51. Bf5+ Kb7 52. Rc5 Rd1+ 53. Ka2 Rf1 54. Be6 Ne8 55. Bxc4 Rf2 56. Rh5 Nd6 57. Bd5+ Kb6 58. c4 Nf5 59. c5+ Kb5 60. c6 Kb6 61. Rh7 Nd6 62. Rd7 Nb5 63. Rb7+ Kc5 64. c7 Nd6 65. c8Q+ Nxc8 66. Rc7+ Kxd5 67. Rxc8 Kd6 68. a4 Kd7 69. Rc3 Rf4 70. Ka3 Rf1 71. Kb4 1-0

[Event "CRO-Cup 18th"]
[Site "Sibenik"]
[Date "2009.05.20"]
[Round "1"]
[White "Bartakovic, Tomislav"]
[Black "Biliskov, Vjekoslav"]
[Result "1/2-1/2"]
[WhiteElo "2060"]
[BlackElo "2293"]
[PlyCount "66"]
[EventDate "2009.05.20"]
[EventType "team-tourn"]
[EventRounds "5"]
[EventCountry "CRO"]
[SourceTitle "CBM 130 Extra"]
[Source "ChessBase"]
[SourceDate "2009.07.02"]
[SourceVersion "2"]
[SourceVersionDate "2009.07.15"]
[SourceQuality "1"]

1. e4 c5 2. d4 cxd4 3. c3 dxc3 4. Nxc3 Nc6 5. Bc4 d6 6. Nf3 e6 7. 0-0 Be7 8. Qe2 a6 9. Rd1 b5 10. Bb3 Ra7 11. Bf4 Rd7 12. Rac1 Bb7 13. h3 Na5 14. Bc2 e5 15. Bg3 Nf6 16. b4 Nc6 17. a3 0-0 18. Bb3 Nh5 19. Bh2 g6 20. Qe3 Ng7 21. Nd5 Bf6 22. Bg3 Ne6 23. Nxf6+ Qxf6 24. Bh4 Qf4 25. Qxf4 Nxf4 26. Rd2 Ne6 27. Bxe6 fxe6 28. Rcd1 d5 29. Bg3 Rdd8 30. Nxe5 Nxe5 31. Bxe5 Rc8 32. Bd6 Rf7 33. exd5 Bxd5 1/2-1/2

[Event "Velika Gorica op 8th"]
[Site "Velika Gorica"]
[Date "2008.08.26"]
[Round "5"]
[White "Krnic, Ivan"]
[Black "Bartakovic, Tomislav"]
[Result "1-0"]
[WhiteElo "2192"]
[BlackElo "2058"]
[PlyCount "59"]
[EventDate "2008.08.23"]
[EventType "swiss"]
[EventRounds "9"]
[EventCountry "CRO"]
[SourceTitle "CBM 126 Extra"]
[Source "ChessBase"]
[SourceDate "2008.11.05"]
[SourceVersion "1"]
[SourceVersionDate "2008.11.05"]
[SourceQuality "1"]

1. e4 e6 2. d4 d5 3. e5 c5 4. Qg4 Nc6 5. Nf3 cxd4 6. Bd3 Nge7 7. 0-0 Ng6 8. Qg3 Be7 9. Re1 Nb4 10. Nbd2 Nxd3 11. cxd3 Bd7 12. Nxd4 0-0 13. N2f3 Rc8 14. Bd2 b5 15. Nb3 b4 16. h4 Re8 17. h5 Nf8 18. Bh6 g6 19. Ng5 Rc2 20. Nd4 Rxb2 21. Re3 Qb6 22. Qf4 Bxg5 23. Bxg5 f5 24. Bf6 Ba4 25. Rg3 Qc7 26. Qh6 Qf7 27. Nf3 Rc8 28. Ng5 Qb7 29. hxg6 Nxg6 30. Nxh7 1-0

[Event "CRO Cup 17th"]
[Site "Sibenik"]
[Date "2008.05.24"]
[Round "4"]
[White "Kurecic, Mladen"]
[Black "Bartakovic, Tomislav"]
[Result "1/2-1/2"]
[WhiteElo "1985"]
[BlackElo "2067"]
[PlyCount "80"]
[EventDate "2008.05.21"]
[EventType "swiss"]
[EventRounds "5"]
[EventCountry "CRO"]
[SourceTitle "CBM 124 Extra"]
[Source "ChessBase"]
[SourceDate "2008.07.03"]
[SourceVersion "1"]
[SourceVersionDate "2008.07.03"]
[SourceQuality "1"]

1. d4 d5 2. c4 c6 3. Nc3 Nf6 4. cxd5 cxd5 5. Nf3 e6 6. e3 Be7 7. Bd3 0-0 8. 0-0 Nc6 9. a3 Bd7 10. b4 Rc8 11. Bd2 Bd6 12. Rc1 e5 13. dxe5 Nxe5 14. Be2 Qe7 15. Nd4 Rfd8 16. Bf3 Nxf3+ 17. Nxf3 Bg4 18. h3 Bh5 19. Nb5 Bb8 20. Rxc8 Rxc8 21. Bc1 a6 22. Nbd4 Qe4 23. Bb2 Be5 24. Qb3 Bxf3 25. Nxf3 Bxb2 26. Qxb2 Rc2 27. Qb3 h6 28. Nd4 Rc4 29. Rd1 Qe5 30. Rd2 Ne4 31. Rc2 b5 32. a4 Nd6 33. axb5 axb5 34. Rd2 f5 35. Nf3 Qe4 36. Rd4 Rxd4 37. exd4 Nc4 38. Qc3 Kh7 39. Kf1 Nd6 40. Nd2 Qe6 1/2-1/2

[Event "Zagreb op"]
[Site "Zagreb"]
[Date "2006.01.14"]
[Round "1"]
[White "Bartakovic, Tomislav"]
[Black "Zufic, Miroslav"]
[Result "0-1"]
[WhiteElo "2031"]
[BlackElo "2391"]
[PlyCount "40"]
[EventDate "2006.01.14"]
[EventType "swiss"]
[EventRounds "9"]
[EventCountry "CRO"]
[SourceTitle "CBM 110 Extra"]
[Source "ChessBase"]
[SourceDate "2006.03.10"]
[SourceVersion "2"]
[SourceVersionDate "2006.03.10"]
[SourceQuality "1"]

1. e4 c5 2. d4 cxd4 3. c3 Nf6 4. e5 Nd5 5. cxd4 e6 6. Nf3 b6 7. Nc3 Nxc3 8. bxc3 Qc7 9. Bd2 Bb7 10. Be2 d6 11. 0-0 Nd7 12. exd6 Bxd6 13. h3 0-0 14. Qb3 e5 15. Bg5 Rac8 16. Rac1 e4 17. Nd2 Kh8 18. f3 Bf4 19. Bxf4 Qxf4 20. Nxe4 Bxe4 0-1